000 00402nam a22001457a 4500
005 20200620130339.0
008 200620b xxu||||| |||| 00| 0 eng d
082 _a345.4 AIR
110 _aALL INDIA REPORTER,
_96269
245 _aALL INDIA REPORTER, [AUGUST-2019] [8 VOL-126; [PART-1268]
260 _aMUMBAI
_bALL INDIA REPORTER,PVT. LTD.
300 _a192;p
650 _aLAW
_95701
942 _cJRL
999 _c7385
_d7383